[Event "BIH-chT1A 28th"]
[Site "Mostar"]
[Date "2021.08.08"]
[Round "4.2"]
[White "Unkic, Mesud"]
[Black "Dautovic, Dzenan"]
[Result "0-1"]
[WhiteElo "1862"]
[BlackElo "2109"]
[PlyCount "101"]
[EventDate "2021.08.06"]
[EventType "team-tourn"]
[EventRounds "9"]
[EventCountry "BIH"]
[SourceTitle "CBM 203 Extra"]
[Source "ChessBase"]
[SourceDate "2021.09.30"]
[SourceVersion "1"]
[SourceVersionDate "2021.09.30"]
[SourceQuality "1"]
[WhiteTeam "Tesanj"]
[BlackTeam "Konjic Igman"]
[WhiteTeamCountry "BIH"]
[BlackTeamCountry "BIH"]

1. e4 c5 2. c3 Nf6 3. Qc2 Nc6 4. f4 g6 5. Nf3 Bg7 6. Be2 0-0 7. 0-0 d5 8. e5 Ng4 9. d3 h5 10. Nh4 Nh6 11. Qd1 Bf5 12. Nd2 e6 13. Ndf3 f6 14. Nxf5 Nxf5 15. exf6 Qxf6 16. Ng5 Rae8 17. Bd2 Nd8 18. Bf3 Nf7 19. Qb3 Nxg5 20. fxg5 Qe7 21. Rae1 Qd7 22. Re2 Nh4 23. Ref2 Nxf3+ 24. Rxf3 b6 25. Be1 Qd8 26. h4 Qd7 27. Bg3 e5 28. Rxf8+ Rxf8 29. Rxf8+ Kxf8 30. Qd1 Qf5 31. Qf3 Qxf3 32. gxf3 Ke7 33. Kf2 Ke6 34. f4 e4 35. dxe4 dxe4 36. Bh2 b5 37. Kg3 b4 38. cxb4 cxb4 39. Bg1 Bxb2 40. Bxa7 Bc1 41. Bc5 Bd2 42. Bb6 Kf5 43. Bc7 Be1+ 44. Kh3 e3 45. Kg2 Ke4 46. f5 gxf5 47. g6 Bc3 48. Bg3 f4 49. Be1 f3+ 50. Kf1 Bxe1 51. Kxe1 0-1

[Event "Lukavac op 5th"]
[Site "Lukavac"]
[Date "2016.11.26"]
[Round "4"]
[White "Hutinovic, Halim"]
[Black "Unkic, Mesud"]
[Result "1-0"]
[WhiteElo "2019"]
[BlackElo "1784"]
[PlyCount "37"]
[EventDate "2016.11.24"]
[EventType "swiss"]
[EventRounds "7"]
[EventCountry "BIH"]
[SourceTitle "EXT 2019"]
[Source "ChessBase"]
[SourceDate "2018.10.10"]
[SourceVersion "1"]
[SourceVersionDate "2018.10.10"]
[SourceQuality "1"]

1. d4 c6 2. Nf3 d5 3. c4 Nf6 4. Nc3 dxc4 5. a4 Bg4 6. e3 e6 7. Bxc4 Nbd7 8. 0-0 Bd6 9. e4 Bc7 10. Bg5 Qb8 11. e5 Nd5 12. h3 Bh5 13. Nxd5 cxd5 14. Bb5 a6 15. Bxd7+ Kxd7 16. Qb3 Rc8 17. Rac1 Qa7 18. Qb4 Re8 19. Rxc7+ 1-0

[Event "Lukavac op 5th"]
[Site "Lukavac"]
[Date "2016.11.24"]
[Round "1"]
[White "Zupcevic, Nedim"]
[Black "Unkic, Mesud"]
[Result "1-0"]
[WhiteElo "2080"]
[BlackElo "1784"]
[PlyCount "117"]
[EventDate "2016.11.24"]
[EventType "swiss"]
[EventRounds "7"]
[EventCountry "BIH"]
[SourceTitle "EXT 2019"]
[Source "ChessBase"]
[SourceDate "2018.10.10"]
[SourceVersion "1"]
[SourceVersionDate "2018.10.10"]
[SourceQuality "1"]

1. d4 c6 2. Nf3 d5 3. g3 Bf5 4. Bg2 e6 5. c4 Bd6 6. Nc3 Nf6 7. c5 Bc7 8. 0-0 Nbd7 9. Nh4 Bg4 10. f4 Nh5 11. Nf3 f5 12. Ne5 Nhf6 13. Nxg4 Nxg4 14. e4 Ngf6 15. e5 Ng4 16. h3 Nh6 17. b4 0-0 18. Be3 g6 19. Rf2 Kg7 20. a4 Nf7 21. a5 a6 22. Kf1 h5 23. Ke2 Rh8 24. Kd3 Qe7 25. Qf3 Bxe5 26. Qe2 Bc7 27. Re1 Nf6 28. Bc1 Ne4 29. Bxe4 dxe4+ 30. Kc2 Rad8 31. Qc4 Qd7 32. Rd1 Nh6 33. Rg2 Kf7 34. Be3 Ke7 35. Bc1 Qe8 36. Be3 Qf7 37. Rdd2 Rd7 38. Nd1 Ng8 39. g4 hxg4 40. hxg4 Rh4 41. gxf5 gxf5 42. Rh2 Rxf4 43. Rdg2 Rf3 44. Bg5+ Ke8 45. Rh8 Qg6 46. Bd2 Qxg2 47. Qxe6+ Kf8 48. Qxd7 Bf4 49. Qd8+ Kf7 50. Rh7+ Qg7 51. Rxg7+ Kxg7 52. Bxf4 Kf7 53. Qc7+ Ke6 54. Qe5+ Kf7 55. Ne3 Ne7 56. Nxf5 Ng6 57. Nd6+ Kg8 58. Qg5 Kh7 59. Qh6+ 1-0